Modernizácia odbavovacej plochy na letisku v Bratislave

Enregistré dans:
Détails bibliographiques
Auteur principal: Duris, Oliver Jaroslav (Auteur)
Autres auteurs: Glasnáková, Dominika (Directeur de thèse)
Format: Manuscrit Livre
Langue:slovaque
Publié: 2025
Sujets:
Accès en ligne:http://is.stuba.sk/zp/portal_zp.pl?podrobnosti=183087
CRZP
Tags: Ajouter un tag
Pas de tags, Soyez le premier à ajouter un tag!

MARC

LEADER 00000ntm a22000003a 4500
001 stuzp105332
003 SK-STU
005 20250722144754.0
007 ta
008 150427s2015----xo-----f-mn---000-0-slo-d
040 |a STU  |b slo 
041 0 |a slo 
100 1 |a Duris, Oliver Jaroslav  |u 010120  |4 aut  |U SvF Stavebná fakulta  |T SvF Katedra dopravných stavieb  |X 110511  |U V120  |Y 12  |7 110511 
242 0 1 |a Modernization of the Apron at the Bratislava airport  |y eng 
245 1 0 |a Modernizácia odbavovacej plochy na letisku v Bratislave 
260 |c 2025 
650 4 |a apron  |2 eng 
650 4 |a airport  |2 eng 
650 4 |a aircraft stand  |2 eng 
650 4 |a building modifications  |2 eng 
650 4 |a pavement  |2 eng 
650 4 |a markings  |2 eng 
650 4 |a taxiway  |2 eng 
650 4 |a passenger boarding bridges  |2 eng 
650 4 |a terminal  |2 eng 
650 4 |a Bratislava  |2 eng 
650 4 |a nástupné mosty  |2 slo 
650 4 |a stavebné úpravy  |2 slo 
650 4 |a Bratislava  |2 slo 
650 4 |a letisko  |2 slo 
650 4 |a vozovka  |2 slo 
650 4 |a značenie  |2 slo 
650 4 |a rolovacia dráha  |2 slo 
650 4 |a stojisko  |2 slo 
650 4 |a terminál  |2 slo 
650 4 |a odbavovacia plocha  |2 slo 
700 1 |a Glasnáková, Dominika  |u 010120  |k Z1  |4 ths  |U SvF Stavebná fakulta  |T SvF Katedra dopravných stavieb  |X 21642  |U V120  |Y 12  |7 A000021642 
856 4 |u http://is.stuba.sk/zp/portal_zp.pl?podrobnosti=183087 
856 4 |u https://opac.crzp.sk/?fn=detailBiblioForm&sid=809C367C54749DCAA342A8FF7E5A  |z CRZP